| 000 | 00802cam a2200265 i 4500 | ||
|---|---|---|---|
| 001 | 113406 | ||
| 005 | 20230410130852.0 | ||
| 008 | 131004b2006 sp a 000 0 spa | ||
| 020 | _a8478131930 | ||
| 020 | _a9788478131938 | ||
| 041 | 0 | _aspa | |
| 050 | 1 | 4 |
_aPQ 6656 _bC649 2006 |
| 082 | 0 | 0 | _a633.79 |
| 245 | 0 | 0 |
_aEl Club del Hachís / _cHeródoto ... [et al.] ; edición de José J. Fuente del Pilar. |
| 250 | _a2a. ed. | ||
| 260 |
_aMadrid : _bMiraguano Ediciones, _c2006. |
||
| 300 |
_a171 p. : _bil ; _c19 cm. |
||
| 440 | 0 |
_aLibros de los malos tiempos ; _v67. |
|
| 650 | 4 | _aMarihuana. | |
| 650 | 4 |
_aMarihuana _xUso terapéutico. |
|
| 650 | 4 |
_aDrogas _xObras literarias. |
|
| 700 | 1 |
_aFuente del Pilar, José Javier, _eed. |
|
| 700 | 1 |
_aHeródoto, _d484?-406? a de J. C. |
|
| 942 |
_2lcc _cbk |
||
| 999 |
_c81787 _d81787 |
||